| 000 -LEADER |
| fixed length control field |
00798nam a2200229 a 4500 |
| 001 - CONTROL NUMBER |
| control field |
:::00000709$&:&@@ |
| 003 - CONTROL NUMBER IDENTIFIER |
| control field |
OkBaRHE |
| 005 - DATE AND TIME OF LATEST TRANSACTION |
| control field |
20000607103239.0 |
| 008 - FIXED-LENGTH DATA ELEMENTS--GENERAL INFORMATION |
| fixed length control field |
s1984 j 000 0 eng u |
| 040 ## - CATALOGING SOURCE |
| Transcribing agency |
|
| 050 ## - LIBRARY OF CONGRESS CALL NUMBER |
| Classification number |
BV 4935 |
| Item number |
.M66 A3 |
| 100 1# - MAIN ENTRY--PERSONAL NAME |
| Personal name |
Monteith, Bill. |
| 9 (RLIN) |
70 |
| 245 10 - TITLE STATEMENT |
| Title |
Wild Bill. |
| 260 ## - PUBLICATION, DISTRIBUTION, ETC. (IMPRINT) |
| Place of publication, distribution, etc |
Tulsa, OK., : |
| Name of publisher, distributor, etc |
Praise Books |
| Date of publication, distribution, etc |
1984 |
| 300 ## - PHYSICAL DESCRIPTION |
| Extent |
164 p. |
| 520 ## - SUMMARY, ETC. |
| Summary, etc |
Bill Monteith shares his salvation testimony and how God delivered him from alcoholism. |
| 600 ## - SUBJECT ADDED ENTRY--PERSONAL NAME |
| Personal name |
Monteith, Bill |
| 9 (RLIN) |
71 |
| 650 ## - SUBJECT ADDED ENTRY--TOPICAL TERM |
| Topical term or geographic name as entry element |
Christrian converts |
| Location of event |
United States |
| Topical term following geographic name as entry element |
Biography. |
| 9 (RLIN) |
72 |
| 650 ## - SUBJECT ADDED ENTRY--TOPICAL TERM |
| Topical term or geographic name as entry element |
Alcoholics |
| Location of event |
United States |
| Topical term following geographic name as entry element |
Biography |
| 9 (RLIN) |
73 |
| 942 ## - ADDED ENTRY ELEMENTS (KOHA) |
| Source of classification or shelving scheme |
|
| Koha item type |
Books |